Healthcare management

Na minha lista:
Detalhes bibliográficos
Outros Autores: Walshe, Kieran (editor), Smith, Judith (editor)
Formato: Livro
Publicado em: New Delhi : Tata McGraw-Hill, c2010
Assuntos:
Tags: Adicionar Tag
Sem tags, seja o primeiro a adicionar uma tag!

MARC

LEADER 00000nam a2200000 4500
020 |a 9780070706644  |c TZS 42,500/= 
040 |a MUL  |b eng  |e AACR 
082 |a 362.1068 HEA 
245 |a Healthcare management   |c / edited Kieran Walshe and Judith Smith 
260 |a New Delhi :  |b Tata McGraw-Hill,  |c c2010 
300 |a xxiv, 526 p. :  |c 26 cm 
504 |a Includes bibliographical references and index 
546 |a eng. 
650 |a Healthcare systems 
650 |a Health policy process 
700 |a Walshe, Kieran   |b (editor) 
700 |a Smith, Judith   |b (editor) 
942 |c BK 
999 |c 9981  |d 9981